[Event "BLR-ch U18"]
[Site "Minsk"]
[Date "2021.02.04"]
[Round "1"]
[White "Siniauski, Artsiom"]
[Black "Shkurdiuk, Timofei"]
[Result "1-0"]
[WhiteElo "2275"]
[BlackElo "1674"]
[PlyCount "107"]
[EventDate "2021.02.04"]
[EventType "swiss"]
[EventRounds "9"]
[EventCountry "BLR"]
[SourceTitle "EXT 2022"]
[Source "ChessBase"]
[SourceDate "2021.10.06"]
[SourceVersion "1"]
[SourceVersionDate "2021.10.06"]
[SourceQuality "1"]

1. e4 c5 2. Nf3 Nc6 3. Bb5 e6 4. Bxc6 bxc6 5. d3 d5 6. c4 Nf6 7. Nc3 Be7 8. 0-0 0-0 9. Bf4 Re8 10. h3 Bb7 11. Qc2 Nd7 12. e5 Qb8 13. Bg3 Bd8 14. Rae1 Bc7 15. Qe2 f6 16. exf6 Nxf6 17. Bxc7 Qxc7 18. Ne5 Qa5 19. Qc2 Rac8 20. b3 Qc7 21. Na4 Qd6 22. Qc1 Rc7 23. Qa3 Nd7 24. Nxd7 Rxd7 25. Qxc5 Bc8 26. Qxd6 Rxd6 27. Nc5 Kf7 28. f4 Re7 29. Re5 Rd8 30. Rfe1 Rde8 31. Kf2 h6 32. h4 g6 33. g3 Kf6 34. g4 Rg8 35. Kg3 Rge8 36. h5 Kf7 37. R1e2 gxh5 38. Kf3 Kg7 39. Rxh5 Kg6 40. Reh2 Rh7 41. d4 Rf8 42. Nd3 Bb7 43. Ne5+ Kg7 44. c5 Rfh8 45. g5 hxg5 46. Rxh7+ Rxh7 47. Rxh7+ Kxh7 48. fxg5 Kg7 49. Kf4 a5 50. Nf3 Ba6 51. Ke5 Kg6 52. Kxe6 Be2 53. Ne5+ Kxg5 54. Nxc6 1-0